| 000 | 02482nam0a2200397 4500 | ||
|---|---|---|---|
| 001 | RU\NLR\bibl\1249504 | ||
| 005 | 20260407143614.0 | ||
| 010 |
_a978-5-7485-0449-2 _9700 |
||
| 021 |
_aRU _b2008-37430 _92063 |
||
| 035 | _a(NLR Aleph) 001235619 | ||
| 090 |
_a226212 _c226212 |
||
| 100 | _a20080707d2007 |||y0rusy50 ca | ||
| 101 | 0 | _arus | |
| 102 | _aRU | ||
| 105 | _ay ||||||||| | ||
| 200 | 1 |
_aОбеспечение прав человека в деятельности органов внутренних дел _eкурс лекций _f[С. В. Андреев, Р. С. Байниязов, А. С. Мордовец и др.] _gпод ред. д. ю. н., проф., засл. работника высш. шк. России А. С. Мордовца _gФедер. гос. образоват. учреждение высш. проф. образования "Сарат. юрид. ин-т МВД России" |
|
| 210 |
_aСаратов _cСаратовский юридический институт _d2007 |
||
| 215 |
_a247 с. _d21 |
||
| 300 | _aАвт. указаны на обороте тит.л. | ||
| 320 | _aБиблиогр. в подстроч. прим. | ||
| 606 | 1 |
_aОрганы внутренних дел _jУчебные издания для высших учебных заведений _xОбеспечение прав граждан _yРоссийская Федерация _92073860 _3RU\NLR\auth\661248809 |
|
| 606 | 1 |
_aПрава человека _jУчебные издания для высших учебных заведений _xОбеспечение _yРоссийская Федерация _92406462 _3RU\NLR\auth\661434124 |
|
| 686 | _aХ621.163.1я73 | ||
| 686 | _aХ620.32я73 | ||
| 701 | 1 |
_4070 _8rus _7ca _aАндреев _bС. В. _cюрист, права человека _3RU\NLR\AUTH\7771702 _954630 |
|
| 701 | 1 |
_aБайниязов _bР. С. _gРустам Сулейманович _4070 |
|
| 701 | 1 |
_aМордовец _bА. С. _gАлександр Сергеевич _4070 |
|
| 702 | 1 |
_aМордовец _bА. С. _gАлександр Сергеевич _4340 |
|
| 712 | 0 | 2 |
_4570 _aСаратовский юридический институт Министерства внутренних дел Российской Федерации _3RU\NLR\AUTH\8810015965 _9529795 |
| 801 | 0 |
_aRU _bNLR _c20080707 _gRCR |
|
| 801 | 1 |
_aRU _bNLR _c20080707 |
|
| 830 | _aАвт. по эк | ||
| 942 | _cBOOK | ||
| 980 | _aNB | ||